书目信息 |
| 题名: |
声乐曲集
|
|
| 作者: | 朱振山 编 | |
| 分册: | 上册 男中、低音 | |
| 出版信息: | 北京 高等教育出版社 2002 |
|
| 页数: | 299页 | |
| 开本: | 26cm | |
| 丛书名: | ||
| 单 册: | ||
| 中图分类: | J652 , J652.32 | |
| 科图分类: | ||
| 主题词: | 练声曲--世界--选集 , 男中音--独唱--练声曲--世界--选集 , 男低音--独唱--练声曲--世界--选集 , 练声曲 , 男中音 , 男低音 , 独唱 | |
| 电子资源: | ||
| ISBN: | 7-04-010813-5 | |
| 000 | 00935nam0 2200301 450 | |
| 001 | 1240929281 | |
| 005 | 20121019112304.19 | |
| 010 | @a7-04-010813-5@dCNY35.80 | |
| 100 | @a20020905d2002 em y0chiy0110 ea | |
| 101 | 0 | @achi |
| 102 | @aCN@b110000 | |
| 105 | @ag z 000yy | |
| 200 | 1 | @a声乐曲集@Asheng yue qu ji@i男中、低音@h上册@f朱振山编 |
| 210 | @a北京@c高等教育出版社@d2002 | |
| 215 | @a299页@d26cm | |
| 330 | @a本教材收录了适合于男中、低音进行练习的中外练声歌曲《西风的话》、《在那遥远的地方》、《西班牙女郎》、《莫斯科郊外的晚上》等九十六首。 | |
| 606 | 0 | @a练声曲@y世界@j选集 |
| 606 | 0 | @a男中音@x独唱@x练声曲@y世界@j选集 |
| 606 | 0 | @a男低音@x独唱@x练声曲@y世界@j选集 |
| 606 | 0 | @a练声曲 |
| 606 | 0 | @a男中音 |
| 606 | 0 | @a男低音 |
| 606 | 0 | @a独唱 |
| 690 | @aJ652@v4 | |
| 690 | @aJ652.32@v4 | |
| 701 | 0 | @a朱振山@Azhu zhen shan@f(1955~)@4编 |
| 801 | 0 | @aCN@bNLC@c20101222 |
| 905 | @a10447@dJ652@eJY100:1 | |
| 声乐曲集.男中、低音.上册/朱振山编.-北京:高等教育出版社,2002 |
| 299页;26cm |
| ISBN 7-04-010813-5:CNY35.80 |
| 本教材收录了适合于男中、低音进行练习的中外练声歌曲《西风的话》、《在那遥远的地方》、《西班牙女郎》、《莫斯科郊外的晚上》等九十六首。 |
| ● |
| 相关链接 |
|
|
|
|
正题名:声乐曲集
索取号:J652/JY100:1
 
预约/预借
| 序号 | 登录号 | 条形码 | 馆藏地/架位号 | 状态 | 备注 |
| 1 | 7834178 | 278341787 | 学院路分馆/ [索取号:J652/JY100:1] | 在馆 | |
| 2 | 7834179 | 278341796 | 学院路分馆/ [索取号:J652/JY100:1] | 在馆 | |
| 3 | 7834180 | 278341803 | 学院路分馆/ [索取号:J652/JY100:1] | 在馆 | |
| 4 | 7834601 | 278346014 | 学院路分馆/ [索取号:J652/JY100:1] | 在馆 | |
| 5 | 7834602 | 278346023 | 学院路分馆/ [索取号:J652/JY100:1] | 在馆 | |
| 6 | 7834603 | 278346032 | 学院路分馆/ [索取号:J652/JY100:1] | 在馆 | |
| 7 | 7834604 | 278346041 | 学院路分馆/ [索取号:J652/JY100:1] | 在馆 |